01135cam a22002777a 4500999001700000003000900017005001700026008004100043040004300084082002600127100004800153245011000201264007400311300002900385336002600414337003500440338002900475500003200504504006300536590001700599650006600616653002400682655001700706942001200723952012200735 c13916d13916EG-ScBUE20200120100002.0100419s1968 ua f b 001 0 ara d aEG-ScBUEbaraerdadEG-ScBUEcEG-ScBUE04a892.709bش ك ع2221 aشكعة، مصطفى،eمؤلف.91361912aالأدب في موكب الحضارة الإسلامية /cالدكتور مصطفى الشكعة. 1aالقاهرة :bمكتبة الأنجلو المصرية،c1968. a799 صفحة ؛c20 سم 2rdacontentaنصbtxt 2rdamediaaبدون وسيطbn 2rdacarrieraمجلدbnc aيشتمل على كشاف. aيشتمل على إرجاعات ببليوجرافية. amahmoud sami 7aالأدب العربيxتاريخ ونقد.2BUEsh921664 bARALITcJanuary2020 vReading book 2ddccBB 00102ddc40708BaccahaMAINbMAINc2NDd2010-04-19ePurchaseo892.709 ش ك عp000020451r2025-07-15 00:00:00yBB